000 00557nam a22002297a 4500
003 UA-OsUOA
001 21597
007 ta
008 20031211b un ||||| |||| 00| 0 ukr d
100 _aСтур Дж.Дж.
090 _a321.7
_bС88
942 _cSA
040 _aUA-OsUOA
_bukr
_cUA-OsUOA
_dUA-OsUOA
245 _aОткрывая демократию заново(1)
300 _aС.12-25
955 _a0
041 _aukr
080 _a321.7
044 _aUA
773 0 _w0
_tПолис
_dМ.
_d2003
_g№5
650 7 _aДемократия
_2UDC
999 _c307801
_d307801